Estatísticas para resumen historia

Clique aqui para jogar o quiz

Estatísticas Gerais

  • Esse quiz foi jogado 2 vezes
  • A pontuação média é 3 de 28

Estatísticas das Respostas

HintResposta% Correto
periodoneolitico
100%
periodopaleolitico
100%
periodoedad media
50%
etapas e medad media alta
50%
etapas mesoacadio
0%
etapas mesoasirio
0%
etapas mesobabilonico
0%
periodobarroco
0%
artes e mbisantino
0%
etapas e medad media baja
0%
etapas e medad media plena
0%
periodoegipcio
0%
periodogotico
0%
Artes e mgotico
0%
periodoimpresionismo
0%
periodomanierismo
0%
periodomesopotamico
0%
periodomicenico
0%
artes e mMozarabe
0%
artes e mpaleocristiano
0%
periodorealismo
0%
periodorenacimiento
0%
periodorococo
0%
artes e mromanico
0%
periodoromanticismo
0%
periodorupestre
0%
periodosimbolismo
0%
etapas mesosumerio
0%

Distribuição das Pontuações

Percentil de Números Respondidos

Porcentagem de Pessoas com Cada Pontuação

Sua Pontuação Histórica

Você não jogou esse quiz